000 00555nam a2200205Ia 4500
005 20250923144359.0
008 008 250917s9999 xx 000 0 eng d
037 _aTextual
040 _aDSWL
_beng
_cDSWL
041 _aeng
_2eng
084 _aX:948:2:N4, H5
_qDSWL
100 _aKetkar, D.P.
_9824309
245 0 _aLabour welfare problems
_cby D.P. Ketkar
260 _aBombay
_bThacker
_c1945
300 _a31 p.
365 _aINR
_b1
925 _g1
942 _cTEXL
_hX:948:2:N4, H5
999 _c1438127
_d1438127